| Tag |
First Indicator |
Second Indicator |
Subfields |
| LEADER |
00000cjm a2200000 a 4500 |
| 001 |
in00002785870 |
| 005 |
20151202171559.0 |
| 007 |
sd fungnnmmned |
| 008 |
110712s2009 nyuppnn n eng d |
| 010 |
|
|
|a 2011616100
|
| 019 |
|
|
|a 469154118
|
| 024 |
1 |
|
|a 602527256122
|
| 024 |
7 |
|
|a 00602527256122
|2 gtin-14
|
| 028 |
0 |
2 |
|a B0013719-02
|b Island Records
|
| 028 |
0 |
0 |
|a B0013719-02 IN02
|b Island Records
|
| 035 |
|
|
|a (OCoLC)ocn457182192
|
| 035 |
|
|
|a (OCoLC)457182192
|z (OCoLC)469154118
|
| 040 |
|
|
|a BTCTA
|b eng
|c BTCTA
|d DLC
|d TEF
|d IF9
|d NYP
|d NPC
|d IVY
|d EHH
|d BDX
|d UtOrBLW
|
| 042 |
|
|
|a lccopycat
|
| 049 |
|
|
|a TXAM
|
| 050 |
1 |
4 |
|a M1630.18.B54
|b M9 2009
|
| 082 |
0 |
4 |
|a 782.42164
|2 22
|
| 090 |
|
|
|a M1630.18.B496
|b M92 2009
|
| 100 |
1 |
|
|a Bieber, Justin,
|d 1994-
|e performer.
|
| 245 |
1 |
0 |
|a My world /
|c Justin Bieber.
|
| 264 |
|
1 |
|a New York, N.Y. :
|b Island Records,
|c [2009]
|
| 264 |
|
4 |
|c ℗2009
|
| 300 |
|
|
|a 1 sound disc :
|b digital ;
|c 4 3/4 in.
|
| 336 |
|
|
|a performed music
|b prm
|2 rdacontent
|
| 337 |
|
|
|a audio
|b s
|2 rdamedia
|
| 338 |
|
|
|a audio disc
|b sd
|2 rdacarrier
|
| 500 |
|
|
|a Enhanced compact disc.
|
| 500 |
|
|
|a Island Records: B0013719-02 IN02 (container spine).
|
| 500 |
|
|
|a "Includes the videos for 'One time' and 'One less lonely girl"--Container.
|
| 508 |
|
|
|a Produced by Christopher Hicks.
|
| 511 |
0 |
|
|a Justin Bieber.
|
| 505 |
0 |
0 |
|t One time
|g (3:34) --
|t Favorite girl
|g (4:16) --
|t Down to Earth
|g (4:05) --
|t Bigger
|g (3:17) --
|t One less lonely girl
|g (3:47) --
|t First dance
|r (feat. Usher)
|g (3:42) --
|t Love me
|g (3:12).
|
| 500 |
|
|
|a Sound recording.
|
| 650 |
|
0 |
|a Rhythm and blues music.
|
| 650 |
|
0 |
|a Popular music
|y 2001-2010.
|
| 700 |
0 |
|
|a Usher,
|e performer.
|
| 948 |
|
|
|a cataloged
|b h
|c 2012/12/5
|d c
|e jstorlie
|f 12:32:14 pm
|
| 994 |
|
|
|a C0
|b TXA
|
| 999 |
|
|
|a MARS
|
| 999 |
f |
f |
|s 638ce8c5-08f6-37a7-ad88-c6c49c312e76
|i 7fac193d-ae15-39e1-afe2-6ca19af654be
|t 0
|
| 952 |
f |
f |
|p ric
|a Texas A&M University
|b Rellis Campus
|c Joint Library Facility
|d Remote Storage
|t 0
|e M1630.18.B496 M92 2009
|h Library of Congress classification
|i audio -- audio disc
|m A14841621244
|
| 998 |
f |
f |
|a M1630.18.B496 M92 2009
|t 0
|l Remote Storage
|